Vivo en el campo / (Record no. 131067)

MARC details
000 -LEADER
campo de control de longitud fija 00980nam a2200265 4500
001 - NÚMERO DE CONTROL
campo de control 131067
003 - IDENTIFICADOR DE NÚMERO DE CONTROL
campo de control ES-MaACL
005 - FECHA Y HORA DE LA ÚLTIMA TRANSACCIÓN
campo de control 20250808022128.0
007 - CAMPO FIJO DE DESCRIPCIÓN FÍSICA--INFORMACIÓN GENERAL
campo de control de longitud fija t|
008 - DATOS DE LONGITUD FIJA--INFORMACIÓN GENERAL
campo de control de longitud fija 070214s1951 sp r ||||1| spa d
100 1# - ENTRADA PRINCIPAL--NOMBRE DE PERSONA
Nombre de persona Roberts, Cecil.
9 (RLIN) 97826
245 10 - MENCIÓN DEL TÍTULO
Título Vivo en el campo /
Mención de responsabilidad, etc. Cecil Roberts ; [versión española de José Mª Claramunda Bes].
250 ## - MENCION DE EDICION
Mención de edición 1ª ed.
260 ## - PUBLICACIÓN, DISTRIBUCIÓN, ETC.
Lugar de publicación, distribución, etc. Barcelona :
Nombre del editor, distribuidor, etc. Luis de Caralt,
Fecha de publicación, distribución, etc. 1951.
300 ## - DESCRIPCIÓN FÍSICA
Extensión 273 p. ;
Dimensiones 20 cm.
490 1# - MENCIÓN DE SERIE
Mención de serie La vida vivida
650 #7 - PUNTO DE ACCESO ADICIONAL DE MATERIA--TÉRMINO DE MATERIA
Fuente del encabezamiento o término embne
9 (RLIN) 137408
Término de materia o nombre geográfico como elemento de entrada Novela inglesa
700 1# - ENTRADA AGREGADA--NOMBRE PERSONAL
Nombre de persona Claramunda Bes, José María.
9 (RLIN) 38998
830 03 - PUNTO DE ACCESO ADICIONAL DE SERIE-TÍTULO UNIFORME
Título uniforme La vida vivida
9 (RLIN) 180877
852 ## - LOCALIZACIÓN
Ubicación ES-MaACL
Número de control de estantería D-6264
Sublocalización o colección R.31887
-- R.M.5859
itemnumber 135840
Ubicación en estantería Sala Valle Inclán
Marcas de propiedad Sello en tinta azul de la Biblioteca del Ateneo de Madrid
Donativo/Legado Sello en tinta: "Donativo"
Encuadernación Encuadernación en tela azul.
942 ## - ELEMENTOS DE ENTRADA SECUNDARIOS (KOHA)
Fuente del sistema de clasificación o colocación Clasificación decimal universal
Tipo de ítem Koha Libro impreso
Holdings
Estatus retirado Estado de pérdida Fuente del sistema de clasificación o colocación Estado de daño No para préstamo Biblioteca de origen Biblioteca actual Ubicación en estantería Fecha de adquisición Fuente de adquisición Total de préstamos Signatura topográfica completa Código de barras Visto por última vez Precio de reemplazo Tipo de ítem Koha
    Clasificación decimal universal     Biblioteca del Ateneo de Madrid Biblioteca del Ateneo de Madrid Sala Valle Inclán 17/01/2008 Donación   D-6264 901136456 23/02/2023 23/02/2023 Libro impreso